Statistiques concernant Culture Générale - Série 1517

Cliquez ici pour prendre le quiz!

Statistiques générales

  • Ce quiz a été pris 113 fois
  • Le résultat moyen est 7 sur 10

Statistiques - réponses

QuestionRéponse% Correct
Quelle est la nationalité de l'homme d'État Muammar al-Kadhafi ?Libyen
85%
Quel personnage d'un conte de Perrault a donné son nom à une chanson du groupe Téléphone, sortie en 1982 ?Cendrillon
84%
Quel mammifère, mort il y a plus 50 000 ans et baptisé Khroma, a été exposé à l'état congelé au musée Crozatier du Puy-en-Velay ?mammouth
79%
Dans quelle ville italienne le Lido sépare-t-il la célèbre lagune de la mer Adriatique ?Venise
79%
Conjuguez le verbe "falloir", à la troisième personne du singulier du passé composé.Il a fallu
71%
De quel pays est originaire le plat de légumes émincés, souvent accompagné de viande et appelé "chop suey" ?Chine
62%
Quel groupe de rock a fait sensation, au début des années 80, en chantant : "Antisocial, tu perds ton sang froid" ?Trust
61%
Quel nom d'oiseau migrateur à queue fourchue, était familièrement donné à un agent de police à bicyclette ?hirondelle
56%
Dans quel sport, le prince Albert II de Monaco s'est-il illustré à cinq reprises, aux jeux Olympiques ?bobsleigh
55%
Quel festival, dédié à la lutte contre le sida, se tient tous les étés à l'hippodrome de Longchamp ?Solidays
32%

Distribution des résultats

Percentile par nombre de réponses

% des personnes avec chaque résultat

Votre développement - résultats

Vous n’avez pas pris ce quiz